000 00907cam a22003017a 4500
003 CHAP
005 20220329132917.0
008 971013s1971 r 00010 d
010 _a168
011 _a1140
035 _a316
040 _cCHAP
082 _a513
_bN5Y
100 0 0 _aNichols, Eugene D.
_981150
245 0 _aGeometría moderna
260 _aMéxico :
_bCECSA,
_c1971
300 _a575 p.
_b: ilus.
590 _aBATCH-UPD
_b10
_c20130110
_lUCH01
_h1846
590 _aBATCH-UPD
_b10
_c20130410
_lUCH01
_h1216
590 _aBATCH-UPD
_b10
_c20130914
_lUCH01
_h1540
590 _aCONVERSION
_b10
_c20130109
_lUCH01
_h1302
650 1 4 _aGeometría.
_947652
700 0 _aSchcht, John F.
_9102923
901 _aBK
942 _cLIBRO
949 _a513 N5Y
_bBC
_cLIBRO
_d33724000904280
_eLIBRO
_fc.2
_h79613
_i316
_so
_t30.20
949 _a513 N5Y
_bBC
_cLIBRO
_d33724000972469
_eLIBRO
_gI.c/e
_h76542
_i316
_si
_t30.20
999 _c168
_d168